000 00847nam a2200253Ia 4500
003 GCL
008 140319s9999 xx 000 0 ara d
040 _aGCL /
_cGCL
082 0 4 _a291.175
_bب م
100 1 _aامام عبدالفتاح امام
245 1 0 _aالمعتقدات الدينية لدى الشعوب /
_cامام عبدالفتاح امام
700 1 _aعبدالغفار مكاوى
700 1 _aبارندر، جفرى
250 _aالثانية
260 _aالقاهرة :
_bمكتبة مدبولى ،
_c1996
300 _a509 ص ؛
_c24سم
650 0 4 _aالديانات الهندية
650 0 4 _aالبوذية
650 0 4 _aالهندوسية
650 0 4 _aالديانات القديمة
650 0 4 _aالسحر المصرى القديم
650 0 4 _aالسحر القديم
942 _2ddc
_cBK
999 _c48091
_d48091